LEADER 00898nam0-22003011i-450- 001 990001826470403321 005 20021010 035 $a000182647 035 $aFED01000182647 035 $a(Aleph)000182647FED01 035 $a000182647 100 $a20021010d--------km-y0itay50------ba 101 0 $aita 200 1 $aDi un' acqua naturale esistente in gesso$elettera di Giovanni Giorgini ... al sig. dott. Paolo Gaddi ...$fGiovanni Giorgini. 210 $aModena$c...$d1851. 215 $a8 p.$d19 cm 300 $aEstr. da: L'Indicatore modenese, 2, n. 27 610 0 $aAcqua 676 $a546.22 700 1$aGiorgini,$bGiovanni$057835 801 0$aIT$bUNINA$gRICA$2UNIMARC 901 $aBK 912 $a990001826470403321 952 $a60 DONO COMES 23/35$b36496$fFAGBC 959 $aFAGBC 996 $aDi un' acqua naturale esistente in gesso$9413246 997 $aUNINA DB $aING01 LEADER 00906nam a2200241 i 4500 001 991003813629707536 005 20030103110535.0 008 020607s1997 it ||| | ita 035 $ab11868144-39ule_inst 035 $aPRUMB65556$9ExL 040 $aDip.to SSSC$bita 082 0 $a792.028092 100 1 $aGazzara, Giovanni$0423214 245 10$aAnna Maria Guarnieri :$britratto d'attrice nel teatro in Italia della seconda metà del Novecento /$cGiovanni Gazzara 260 $a[S. l.] :$b[S. n.],$c1997$e(Roma :$g1997) 300 $a127 p. :$bill. ;$c21 cm. 650 4$aGuarnieri, Anna Maria 907 $a.b11868144$b02-04-14$c03-01-03 912 $a991003813629707536 945 $aLE021 C34F45$g1$i2021000047046$lle021$o-$pE0.00$q-$rl$so $t0$u0$v0$w0$x0$y.i12121162$z03-01-03 996 $aAnna Maria Guarnieri$9901214 997 $aUNISALENTO 998 $ale021$b01-01-02$cm$da $e-$fita$git $h0$i1